[Event "Online Olym Top DivB 2020"]
[Site "chess.com INT"]
[Date "2020.08.22"]
[Round "6.4"]
[Board "4"]
[White "Cibickova, Zuzana"]
[Black "Gara, Anita"]
[Result "1/2-1/2"]
[WhiteTitle "WGM"]
[BlackTitle "IM"]
[WhiteElo "2256"]
[BlackElo "2345"]
[WhiteTeam "Slovakia"]
[BlackTeam "Hungary"]
[WhiteFideId "14905779"]
[BlackFideId "709751"]
[EventDate "2020.08.21"]
[EventType "team"]

1. e4 c5 2. Nf3 Nc6 3. d4 cxd4 4. Nxd4 Nf6 5. Nc3 d6 6. Bg5 e6 7. Qd2 a6 8.
O-O-O Bd7 9. f4 Be7 10. Nf3 b5 11. e5 b4 12. exf6 bxc3 13. Qxc3 gxf6 14. Bh4 d5
15. a3 O-O 16. Bd3 Kg7 17. Kb1 Qb8 18. Rhf1 Rc8 19. Qe1 Qxf4 20. Ng5 Qe5 21.
Nxh7 Qxe1 22. Rdxe1 f5 23. Bxe7 Nxe7 24. Ng5 Bb5 25. Bxb5 axb5 26. h3 Ra4 27. c3
d4 28. cxd4 Nd5 29. Nf3 b4 30. axb4 Rxb4 31. Rc1 Nc3+ 32. Kc2 Ne2+ 33. Kb1 Rxc1+
34. Rxc1 Nxc1 35. Kxc1 Kf6 36. Kc2 Rb8 37. Kc3 Rg8 38. Ne1 Rg3+ 39. Kc4 Ke7 40.
b4 Kd6 41. b5 f6 42. Kb4 e5 43. dxe5+ fxe5 44. Kc4 e4 45. Kd4 Rb3 46. h4 Rxb5
47. h5 Rb1 48. Nc2 Rh1 49. Ne3 Rxh5 50. g4 fxg4 51. Nxg4 Rh4 52. Ne3 Ke6 53. Ng2
Rg4 54. Ne3 Rf4 55. Nd5 Kf5 56. Ne7+ Kg4 57. Ke3 Rf7 58. Nc6 Rc7 59. Nd4 Re7 60.
Nc6 Re8 61. Nd4 Kg5 62. Nb5 Kf5 63. Nd6+ Ke5 64. Nxe8 Kd5 65. Nf6+ Ke5 66. Nxe4 1/2-1/2

[Event "Online Olym Top DivB 2020"]
[Site "chess.com INT"]
[Date "2020.08.22"]
[Round "6.4"]
[Board "6"]
[White "Ferkova, Dominika"]
[Black "Demeter, Dorina"]
[Result "1/2-1/2"]
[WhiteTitle "WFM"]
[BlackTitle "WFM"]
[WhiteElo "2111"]
[BlackElo "2033"]
[WhiteTeam "Slovakia"]
[BlackTeam "Hungary"]
[WhiteFideId "14933071"]
[BlackFideId "778079"]
[EventDate "2020.08.21"]
[EventType "team"]

1. d4 d5 2. c4 c6 3. Nf3 Nf6 4. Nc3 e6 5. e3 Nbd7 6. Bd3 dxc4 7. Bxc4 b5 8. Bd3
Bb7 9. O-O a6 10. Ne4 c5 11. Nxf6+ Nxf6 12. dxc5 Bxc5 13. Be2 Qxd1 14. Rxd1 Ke7
15. b3 Rhd8 16. Bb2 Rxd1+ 17. Rxd1 Rd8 18. Rc1 Bd6 19. Nd4 Rc8 20. Rxc8 Bxc8 21.
Bf3 Kd7 22. Kf1 Kc7 23. h3 e5 24. Nc2 Bf5 25. Bd1 Nd5 26. g4 Bd3+ 27. Kg2 Be4+
28. Kf1 Bd3+ 29. Kg2 Be4+ 30. Kf1 Bd3+ 1/2-1/2

[Event "Online Olym Top DivB 2020"]
[Site "chess.com INT"]
[Date "2020.08.22"]
[Round "6.5"]
[Board "2"]
[White "Onischuk, Vladimir"]
[Black "Mabusela, Johannes Manyedi"]
[Result "1/2-1/2"]
[WhiteTitle "GM"]
[BlackTitle "IM"]
[WhiteElo "2633"]
[BlackElo "2212"]
[WhiteTeam "Ukraine"]
[BlackTeam "South Africa"]
[WhiteFideId "14114038"]
[BlackFideId "14300702"]
[EventDate "2020.08.21"]
[EventType "team"]

1. e4 e6 2. d4 d5 3. Bd3 Nf6 4. e5 Nfd7 5. c3 c5 6. f4 Nc6 7. Nf3 Qb6 8. Be2 f6
9. a3 Be7 10. b4 cxd4 11. cxd4 fxe5 12. fxe5 O-O 13. Bb2 Rf7 14. Nbd2 Nf8 15. g3
Bd7 16. O-O Ng6 17. Kg2 Raf8 18. Bd3 Nd8 19. Qe2 a6 20. Nb3 Bb5 21. Bxb5 Qxb5
22. Qxb5 axb5 23. Na5 Nc6 24. Nxc6 bxc6 25. Rac1 Rc8 26. Rc2 Bd8 27. Rfc1 Rfc7
28. h4 Nf8 29. Rf1 Nd7 30. Bc1 Nb6 31. g4 Nc4 32. Rc3 Rf7 33. h5 Bb6 34. Rd3
Rcf8 35. Nh2 Rxf1 36. Nxf1 h6 37. Nh2 Kh7 38. Nf3 g5 39. Bxg5 Rxf3 40. Rxf3 hxg5
41. Rf7+ Kg8 42. Rf6 Bxd4 43. Rxe6 Nxe5 1/2-1/2

[Event "Online Olym Top DivB 2020"]
[Site "chess.com INT"]
[Date "2020.08.22"]
[Round "6.5"]
[Board "5"]
[White "Khumalo, Keith"]
[Black "Matviishen, Viktor"]
[Result "1/2-1/2"]
[WhiteTitle "CM"]
[BlackTitle "IM"]
[WhiteElo "2117"]
[BlackElo "2505"]
[WhiteTeam "South Africa"]
[BlackTeam "Ukraine"]
[WhiteFideId "14319470"]
[BlackFideId "14129850"]
[EventDate "2020.08.21"]
[EventType "team"]

1. d4 d5 2. Nf3 Nf6 3. g3 c5 4. Bg2 Nc6 5. O-O e6 6. c4 dxc4 7. dxc5 Qxd1 8.
Rxd1 Bxc5 9. Nbd2 c3 10. bxc3 Bd7 11. Rb1 O-O-O 12. Nb3 Bb6 13. Nfd4 e5 14. Nxc6
Bxc6 15. Rxd8+ Rxd8 16. Bg5 Rd6 17. Bxf6 Rxf6 18. e3 Bxg2 19. Kxg2 Rc6 20. Rc1
Rc4 21. Kf3 Kd7 22. Rc2 Ke6 23. Ke2 h5 24. h4 Bd8 25. Kd3 b5 26. Nd2 Ra4 27. c4
bxc4+ 28. Nxc4 Be7 29. e4 Bc5 30. f3 Bd4 31. g4 g6 32. gxh5 gxh5 33. Rg2 f6 34.
f4 Rb4 35. f5+ Kf7 36. Rg6 Ra4 37. a3 Bc5 38. Rh6 Bxa3 39. Rh7+ Kg8 40. Rc7 Bf8
41. Kc3 Ra1 42. Kd3 a5 43. Ne3 Ra3+ 44. Ke2 Ra2+ 45. Kd3 Ra3+ 46. Ke2 Ra4 47.
Kf3 Ra3 48. Ke2 1/2-1/2

[Event "Online Olym Top DivB 2020"]
[Site "chess.com INT"]
[Date "2020.08.23"]
[Round "7.1"]
[Board "2"]
[White "Van Foreest, Jorden"]
[Black "Onischuk, Vladimir"]
[Result "1/2-1/2"]
[WhiteTitle "GM"]
[BlackTitle "GM"]
[WhiteElo "2682"]
[BlackElo "2633"]
[WhiteTeam "Netherlands"]
[BlackTeam "Ukraine"]
[WhiteFideId "1039784"]
[BlackFideId "14114038"]
[EventDate "2020.08.21"]
[EventType "team"]

1. e4 d6 2. d4 Nf6 3. Nc3 g6 4. Nf3 Bg7 5. Be3 O-O 6. Qd2 Nc6 7. d5 Ne5 8. Nxe5
dxe5 9. Bc4 a6 10. a4 Ne8 11. O-O Nd6 12. Bd3 a5 13. f3 b6 14. Bb5 Bb7 15. Rad1
Qc8 16. Qe2 f5 17. exf5 gxf5 18. Bc6 Ba6 19. Nb5 Bxb5 20. Bxb5 Rf7 21. Kh1 Kh8
22. Bc6 Rb8 23. Bc1 f4 24. b3 Rf5 25. Bb2 Rh5 26. Qd3 Bf6 27. Rde1 Qf8 28. Bd7
Qh6 29. h3 Rg8 30. Re2 Rg3 31. Qd2 e4 32. Bxf6+ Qxf6 33. fxe4 f3 34. gxf3 Rxf3
35. Ref2 Rxf2 36. Rxf2 Qa1+ 37. Kh2 Qe5+ 38. Qf4 Nxe4 39. Qxe5+ Rxe5 40. Rf7 Nd6
41. Rf2 Rxd5 42. Re2 Kg7 43. Rxe7+ Kf6 44. Rxh7 Rd2+ 45. Kg3 Rxc2 46. Bg4 Rc3+
47. Kh4 Rxb3 48. Rxc7 Rb4 49. Rc6 Ke5 50. Kg5 Ne4+ 51. Kg6 Nc5 52. Bd1 Nxa4 53.
Bxa4 Rxa4 54. Rxb6 Rh4 55. Rb5+ Kd6 56. Rxa5 Rxh3 1/2-1/2

[Event "Online Olym Top DivB 2020"]
[Site "chess.com INT"]
[Date "2020.08.23"]
[Round "7.1"]
[Board "3"]
[White "Osmak, Iulija"]
[Black "Peng, Zhaoqin"]
[Result "1/2-1/2"]
[WhiteTitle "IM"]
[BlackTitle "GM"]
[WhiteElo "2438"]
[BlackElo "2358"]
[WhiteTeam "Ukraine"]
[BlackTeam "Netherlands"]
[WhiteFideId "14101602"]
[BlackFideId "1004786"]
[EventDate "2020.08.21"]
[EventType "team"]

1. d4 Nf6 2. Bf4 e6 3. e3 c5 4. c3 d5 5. Nd2 Bd6 6. Ngf3 O-O 7. Bd3 Bxf4 8. exf4
cxd4 9. Nxd4 Nc6 10. N2f3 Qd6 11. Qd2 Nxd4 12. Nxd4 e5 13. fxe5 Qxe5+ 14. Qe2
Qg5 15. O-O Re8 16. Qc2 Bd7 17. Rae1 h5 18. Qc1 Qh4 19. Nf3 Qa4 20. Bb1 Bb5 21.
Rxe8+ Rxe8 22. Re1 Rxe1+ 23. Qxe1 Qf4 24. Qd2 Qxd2 25. Nxd2 Kf8 26. f3 h4 27.
Kf2 Ke7 28. Nb3 Kd6 29. Nd4 Bd7 30. Ke3 g5 31. Bd3 Nh5 32. Ne2 Ke5 33. g3 hxg3
34. hxg3 Ng7 35. f4+ gxf4+ 36. gxf4+ Kd6 37. Nd4 Nh5 38. Nf3 f6 39. Nd4 Ng7 40.
Bg6 Ne6 41. Nf5+ Kc5 42. Bh5 a5 43. Be2 Be8 44. a3 a4 45. Nd4 Nxd4 46. cxd4+ Kb6
47. Kd2 Bb5 48. Bf3 Bc4 49. Kc3 Ka5 50. Bg4 Bb3 51. Bc8 b6 52. Bd7 Bc4 53. Bc6
b5 54. Kd2 b4 55. Ke3 bxa3 56. bxa3 Bb3 57. Kf3 Kb6 58. Be8 Kc7 59. Kg4 Kd8 60.
Bb5 Ke7 61. Bd3 Ke6 62. Kh5 Bc4 63. Bb1 Bb5 64. Kg6 Be8+ 65. Kg7 Bb5 66. Bc2 Bc6
67. Bd3 Ke7 68. Bf5 Be8 69. Bg4 Bb5 70. Bh5 Bc4 71. Bf7 Bb3 72. Bg8 Bc4 73. Bh7
Bb3 74. Bf5 Bc4 75. Bc8 Bb3 76. Bb7 Bc4 77. Bc6 Bb3 78. Kg6 Kd6 79. Bb5 Ke7 80.
Kf5 Bc2+ 81. Kg4 Kd6 82. Kf3 Bb3 83. Ke3 Kc7 84. Be2 Kc6 85. Bh5 Kc7 86. Kd2 Kb6
87. Ke2 Bc4+ 88. Ke3 Bb3 89. Bg6 Kb5 90. Kd3 Bc4+ 91. Kc3 Bb3 92. Bd3+ Ka5 93.
Be2 Ba2 94. Bd1 Bc4 95. Bc2 Kb5 96. Bg6 Bb3 97. Be8+ Ka5 98. Kd3 Kb6 99. Kc3 Ka5
100. Bc6 Kb6 101. Bd7 Ka5 102. Be8 Bc4 103. Kd2 Bb5 104. Bf7 Bc6 105. Kc3 Kb5
106. Be6 1/2-1/2

[Event "Online Olym Top DivB 2020"]
[Site "chess.com INT"]
[Date "2020.08.23"]
[Round "7.1"]
[Board "4"]
[White "Haast, Anne"]
[Black "Gaponenko, Inna"]
[Result "1/2-1/2"]
[WhiteTitle "WGM"]
[BlackTitle "IM"]
[WhiteElo "2318"]
[BlackElo "2396"]
[WhiteTeam "Netherlands"]
[BlackTeam "Ukraine"]
[WhiteFideId "1017292"]
[BlackFideId "14101181"]
[EventDate "2020.08.21"]
[EventType "team"]

1. e4 c5 2. Nf3 Nc6 3. d4 cxd4 4. Nxd4 Nf6 5. Nc3 d6 6. Bg5 e6 7. Qd2 a6 8.
O-O-O Bd7 9. f4 b5 10. Bxf6 gxf6 11. Nxc6 Bxc6 12. Bd3 b4 13. Ne2 Qb6 14. Rhf1
h5 15. g3 a5 16. Kb1 a4 17. c3 d5 18. cxb4 dxe4 19. b5 exd3 20. bxc6 Rd8 21. Nc3
Qxc6 22. Qe3 Bc5 23. Qe4 Qxe4 24. Nxe4 Be7 25. Rf3 f5 26. Nc3 a3 27. Rfxd3 axb2
28. Rxd8+ Bxd8 29. Kxb2 h4 30. Kb3 hxg3 31. hxg3 Ba5 32. a4 Ke7 33. Nb5 f6 34.
Nd4 Rc8 35. Rd3 Bb6 36. Kb4 Bxd4 37. Rxd4 e5 38. Rd1 Rb8+ 39. Kc5 Rc8+ 40. Kb6
Rb8+ 41. Kc6 Rc8+ 42. Kb7 Rc3 43. a5 Rxg3 44. a6 Rb3+ 45. Ka8 exf4 46. a7 Ke6
47. Rb1 Rxb1 1/2-1/2

[Event "Online Olym Top DivB 2020"]
[Site "chess.com INT"]
[Date "2020.08.23"]
[Round "7.2"]
[Board "1"]
[White "Ftacnik, Lubomir"]
[Black "Mabusela, Johannes Manyedi"]
[Result "1/2-1/2"]
[WhiteTitle "GM"]
[BlackTitle "IM"]
[WhiteElo "2510"]
[BlackElo "2212"]
[WhiteTeam "Slovakia"]
[BlackTeam "South Africa"]
[WhiteFideId "14900017"]
[BlackFideId "14300702"]
[EventDate "2020.08.21"]
[EventType "team"]

1. Nf3 Nf6 2. c4 c5 3. Nc3 Nc6 4. d4 cxd4 5. Nxd4 g6 6. e4 d6 7. Be2 Bg7 8. Be3
O-O 9. O-O Nxd4 10. Bxd4 Bd7 11. Qd2 Bc6 12. f3 Nd7 13. Be3 Qa5 14. Rfc1 Rfc8
15. Rab1 Qd8 16. b4 b6 17. Bg5 Bf6 18. Bh6 Bg7 19. Bxg7 Kxg7 20. f4 Nf6 21. Qe3
Qd7 22. e5 dxe5 23. fxe5 Ng4 24. Qf4 h5 25. Rf1 Qe6 26. Bxg4 hxg4 27. Rbd1 Rd8
28. Ne2 Rxd1 29. Rxd1 Qf5 30. Qxf5 gxf5 31. b5 Be8 32. Nf4 e6 33. a4 Kf8 34. Kf2
Ke7 35. Ke3 Rc8 36. Rd4 f6 37. Nd3 fxe5 38. Nxe5 Kf6 39. Nd3 e5 40. Rd6+ Ke7 41.
Rh6 Rxc4 42. Rh7+ Kd6 43. Rxa7 f4+ 44. Kd2 Bg6 45. Nf2 Rc2+ 46. Ke1 g3 47. hxg3
fxg3 48. Ng4 Rxg2 49. Rb7 Bh5 50. Rxb6+ Kc5 51. Rc6+ Kb4 52. Nxe5 Re2+ 53. Kf1
Rxe5 54. Kg2 Kxa4 55. Kxg3 Rxb5 56. Rc1 Rb4 57. Rc5 Be2 58. Kf2 Bc4 59. Ke3 Bb5
60. Rc7 Kb3 61. Rc8 Bc4 62. Rc7 Kc3 63. Rc8 Rb1 64. Rc7 Re1+ 65. Kf2 Re6 66. Rh7
Kd2 67. Rh2 Re2+ 68. Kg3 Rxh2 69. Kxh2 1/2-1/2

[Event "Online Olym Top DivB 2020"]
[Site "chess.com INT"]
[Date "2020.08.23"]
[Round "7.3"]
[Board "1"]
[White "Jumabayev, Rinat"]
[Black "Erdos, Viktor"]
[Result "1/2-1/2"]
[WhiteTitle "GM"]
[BlackTitle "GM"]
[WhiteElo "2654"]
[BlackElo "2618"]
[WhiteTeam "Kazakhstan"]
[BlackTeam "Hungary"]
[WhiteFideId "13702661"]
[BlackFideId "719978"]
[EventDate "2020.08.21"]
[EventType "team"]

1. d4 Nf6 2. c4 g6 3. Nf3 Bg7 4. e3 O-O 5. Be2 c5 6. d5 e6 7. Nc3 d6 8. Nd2 Na6
9. O-O Re8 10. e4 Nc7 11. a4 Na6 12. dxe6 Bxe6 13. Nb3 Nd7 14. Qxd6 Nb6 15. Qxd8
Raxd8 16. Na5 Rd7 17. Bf4 Nb4 18. Rad1 Bd4 19. h3 Nc6 20. Nb3 Bxc3 21. bxc3 Nxa4
22. Rc1 b6 23. Rc2 Na5 24. Nxa5 bxa5 25. Ra1 Nb6 26. Rxa5 Bxc4 27. Bxc4 Nxc4 28.
Rxc5 Rxe4 29. Bh6 Nb6 30. c4 f6 31. f3 Re6 32. h4 Kf7 33. Kf2 Ree7 34. Rb5 Rc7
35. c5 Rc6 36. Bf4 Rd7 37. Ra2 Nc4 38. Kg3 a6 39. Rb4 Ne5 40. Bxe5 fxe5 41. Ra5
Rdc7 42. Rb6 Rxc5 43. Raxa6 Kg7 44. h5 gxh5 45. Rh6 e4 46. fxe4 Rg5+ 47. Kf4
Rg4+ 48. Kf5 Rf7+ 49. Ke5 Rff4 50. Rxh5 Rxe4+ 51. Kd5 Rd4+ 52. Ke5 Rde4+ 53. Kd5
Rd4+ 54. Ke5 Rde4+ 1/2-1/2

[Event "Online Olym Top DivB 2020"]
[Site "chess.com INT"]
[Date "2020.08.23"]
[Round "7.3"]
[Board "2"]
[White "Banusz, Tamas"]
[Black "Khusnutdinov, Rustam"]
[Result "1/2-1/2"]
[WhiteTitle "GM"]
[BlackTitle "GM"]
[WhiteElo "2628"]
[BlackElo "2491"]
[WhiteTeam "Hungary"]
[BlackTeam "Kazakhstan"]
[WhiteFideId "722413"]
[BlackFideId "13701703"]
[EventDate "2020.08.21"]
[EventType "team"]

1. Nf3 d5 2. g3 Nd7 3. d4 Nb6 4. Bg2 Bf5 5. O-O e6 6. a4 a5 7. Nbd2 c6 8. Ne5
Nf6 9. Re1 Bd6 10. c4 Bb4 11. cxd5 cxd5 12. Qb3 O-O 13. Nd3 Bxd3 14. Qxd3 Rc8
15. Rd1 Qc7 16. e3 Qc2 17. Qxc2 Rxc2 18. Bf1 Ne4 19. Nxe4 dxe4 20. Bg2 f5 21. f3
exf3 22. Bxf3 Rf7 23. e4 Rd7 24. d5 Bc5+ 25. Kh1 Rf2 26. Bg2 fxe4 27. Bh3 e3 28.
Bxe6+ Kf8 29. Bxe3 Bxe3 30. Rf1 Rdf7 31. Bxf7 Rxf7 32. Rxf7+ Kxf7 33. Re1 Nxd5
34. Kg2 b6 35. Kf3 Bc5 36. b3 Ne7 37. Ke4 Ke6 38. Rd1 Nc6 39. Rd2 Ne5 40. Rd1
Nd7 41. Kd3 Ne5+ 42. Ke4 Ng4 43. Kf4 Nxh2 44. Rh1 Bd6+ 45. Ke4 Bxg3 46. Rc1 Bf2
47. Rh1 Bg3 48. Rc1 h5 49. Rc6+ Bd6 50. Rxb6 Ng4 51. b4 h4 52. bxa5 h3 53. Kf3
h2 54. Rb1 Bc5 55. Kg2 Kd6 56. a6 Kc6 57. Rc1 Nf2 58. Kxh2 Nd3 59. Rc3 Kb6 60.
Rxd3 Kxa6 61. Rb3 Bd6+ 62. Kg2 Ka5 63. Rd3 Bb4 64. Rg3 Kxa4 65. Rg5 Bc3 66. Kf3
Bf6 67. Rd5 Kb4 68. Ke4 Kc4 69. Rd1 Kc5 1/2-1/2

[Event "Online Olym Top DivB 2020"]
[Site "chess.com INT"]
[Date "2020.08.23"]
[Round "7.3"]
[Board "6"]
[White "Demeter, Dorina"]
[Black "Kamalidenova, Meruert"]
[Result "1/2-1/2"]
[WhiteTitle "WFM"]
[BlackTitle "WFM"]
[WhiteElo "2033"]
[BlackElo "2231"]
[WhiteTeam "Hungary"]
[BlackTeam "Kazakhstan"]
[WhiteFideId "778079"]
[BlackFideId "13712802"]
[EventDate "2020.08.21"]
[EventType "team"]

1. Nf3 Nf6 2. c4 g6 3. Nc3 Bg7 4. e4 O-O 5. d4 d6 6. h3 e5 7. d5 a5 8. Be3 Na6
9. g4 Nc5 10. Nd2 Nfd7 11. Be2 a4 12. Qc2 c6 13. h4 cxd5 14. Nxd5 b6 15. h5 Bb7
16. O-O-O Bxd5 17. exd5 a3 18. b4 Na6 19. Qb3 e4 20. Rh3 Qe7 21. hxg6 fxg6 22.
Nb1 Rf7 23. Nc3 Ne5 24. Rdh1 Bh8 25. Nxe4 Nxg4 26. Bxg4 Qxe4 27. Be6 h5 28. Qc2
Bb2+ 29. Kb1 Qxc2+ 30. Kxc2 Nxb4+ 31. Kb3 Nd3 32. Rg1 Kg7 33. Bxf7 Kxf7 34. Rf3+
Kg7 35. Bh6+ Kxh6 36. Rxd3 Rf8 37. Rdg3 Rf6 38. Ka4 Bd4 39. R3g2 Bc5 40. Kb5 Kg7
41. Rf1 1/2-1/2

[Event "Online Olym Top DivB 2020"]
[Site "chess.com INT"]
[Date "2020.08.23"]
[Round "7.4"]
[Board "5"]
[White "Henderson de La Fuente, Lance"]
[Black "Asadli, Vugar"]
[Result "1/2-1/2"]
[WhiteTitle "GM"]
[BlackTitle "GM"]
[WhiteElo "2491"]
[BlackElo "2572"]
[WhiteTeam "Spain"]
[BlackTeam "Azerbaijan"]
[WhiteFideId "32096585"]
[BlackFideId "13405764"]
[EventDate "2020.08.21"]
[EventType "team"]

1. d4 Nf6 2. Nf3 g6 3. Nbd2 d5 4. b4 Bg7 5. e3 O-O 6. c4 a5 7. b5 c5 8. Bb2 Nbd7
9. Be2 b6 10. O-O Bb7 11. Rc1 Rc8 12. a4 Rc7 13. dxc5 Nxc5 14. Be5 Rd7 15. Qc2
dxc4 16. Nxc4 Be4 17. Qa2 Nd3 18. Bxd3 Bxd3 19. Rfe1 Be4 20. Nd4 Rb7 21. Red1
Qa8 22. f3 Bd5 23. Nc6 Be6 24. e4 Re8 25. Qf2 Bxc4 26. Rxc4 Nd7 27. Bxg7 Kxg7
28. Rcd4 Qc8 29. Qb2 f6 30. Qa2 Nc5 31. Nd8 e5 32. Nxb7 Qxb7 33. Rd6 Re7 34. h3
h5 35. Rd8 Ne6 36. R8d6 Nd4 37. Qd5 Qc7 38. Kh2 h4 39. Rd8 Rf7 40. Qd6 Qc4 41.
Rxd4 exd4 42. e5 Qc7 43. exf6+ Kh6 44. Rh8+ Kg5 45. f4+ Kf5 46. Qd5+ Kxf4 47.
Rxh4+ Ke3+ 48. Kg1 Qc1+ 49. Kh2 Qc7+ 50. Kg1 Qc1+ 51. Kh2 Qc7+ 1/2-1/2

[Event "Online Olym Top DivB 2020"]
[Site "chess.com INT"]
[Date "2020.08.23"]
[Round "7.4"]
[Board "6"]
[White "Balajayeva, Khanim"]
[Black "Garcia Martin, Marta"]
[Result "1/2-1/2"]
[WhiteTitle "WGM"]
[BlackTitle "IM"]
[WhiteElo "2376"]
[BlackElo "2328"]
[WhiteTeam "Azerbaijan"]
[BlackTeam "Spain"]
[WhiteFideId "13406396"]
[BlackFideId "32084030"]
[EventDate "2020.08.21"]
[EventType "team"]

1. e4 c5 2. c3 Nf6 3. e5 Nd5 4. d4 cxd4 5. Nf3 d6 6. cxd4 Nc6 7. Bc4 dxe5 8.
dxe5 Nb6 9. Qxd8+ Nxd8 10. Be2 g6 11. Nc3 Bg7 12. O-O Nc6 13. Be3 O-O 14. Bxb6
axb6 15. Nd5 Bg4 16. Nxb6 Rad8 17. Nc4 b5 18. Ne3 Bxf3 19. Bxf3 Nd4 20. Be4 Bxe5
21. g3 Ne2+ 22. Kh1 Bxb2 23. Rab1 Bd4 24. Nd5 Rd7 25. Rfe1 Nc3 26. Nxc3 Bxc3 27.
Red1 Rxd1+ 28. Rxd1 b4 29. Rd7 e6 30. h4 h5 31. Kg2 Kg7 32. f3 Kf6 33. Bc2 Ra8
34. Bb3 Ra5 35. g4 hxg4 36. fxg4 g5 37. h5 Ra8 38. Kf3 Rf8 39. Ke4 Rc8 40. Kf3
Re8 41. Rc7 Rd8 42. Bc2 Be5 43. Rb7 Rc8 44. Bb3 Bc3 45. Rd7 Re8 46. Ke4 Re7 47.
Rd8 Kg7 48. Kf3 Rc7 49. Ke4 Re7 50. Kf3 Rc7 51. Ke4 Bf6 52. Rb8 Bc3 53. Rd8 1/2-1/2

[Event "Online Olym Top DivB 2020"]
[Site "chess.com INT"]
[Date "2020.08.23"]
[Round "8.1"]
[Board "3"]
[White "Peng, Zhaoqin"]
[Black "Afraoui, Anaelle"]
[Result "1/2-1/2"]
[WhiteTitle "GM"]
[BlackTitle "WFM"]
[WhiteElo "2358"]
[BlackElo "2120"]
[WhiteTeam "Netherlands"]
[BlackTeam "France"]
[WhiteFideId "1004786"]
[BlackFideId "20654383"]
[EventDate "2020.08.21"]
[EventType "team"]

1. d4 Nf6 2. c4 d6 3. Nf3 g6 4. Nc3 Bg7 5. e4 O-O 6. Be2 Nbd7 7. O-O e5 8. Be3
Qe7 9. d5 Nc5 10. Nd2 a5 11. a3 a4 12. Bxc5 dxc5 13. Nxa4 Ne8 14. Nc3 Bh6 15.
Qc2 f5 16. b4 cxb4 17. axb4 Rxa1 18. Rxa1 Qxb4 19. Nb3 b6 20. c5 bxc5 21. Ra4
Qb6 22. Ra5 Nd6 23. Rxc5 fxe4 24. Nd1 e3 25. Nxe3 Bxe3 26. fxe3 Nb7 27. Rc3 Bf5
28. Qc1 Nd6 29. Nc5 Ne4 30. Nxe4 Bxe4 31. Rxc7 Qf6 32. Qe1 Bxd5 33. Qg3 Qb6 34.
Rc1 Qb2 35. Re1 Qc3 36. Bf1 Qb2 37. h3 Qc3 38. Rd1 Be4 39. Qe1 Qxe1 40. Rxe1 Re8
41. Rc1 Re7 42. Rc5 Kg7 43. Kf2 Kf6 44. Ra5 Rc7 45. Be2 h5 46. g3 Rc2 47. Ra6+
Kg7 48. Ke1 Rc6 49. Rxc6 Bxc6 50. h4 Kf6 51. Bd3 Bd5 52. Kd2 Bf7 53. Kc3 Be6 54.
Be4 Bf5 55. Bd5 Bd7 56. Kc4 Kf5 57. Bf3 Kf6 58. Kc5 Be6 59. Kd6 Bf7 60. Bc6 Bb3
61. Be4 Bf7 62. Bc2 Bc4 1/2-1/2

[Event "Online Olym Top DivB 2020"]
[Site "chess.com INT"]
[Date "2020.08.23"]
[Round "8.2"]
[Board "1"]
[White "Mamedyarov, Shakhriyar"]
[Black "Urkedal, Frode Olav Olsen"]
[Result "1/2-1/2"]
[WhiteTitle "GM"]
[BlackTitle "GM"]
[WhiteElo "2764"]
[BlackElo "2549"]
[WhiteTeam "Azerbaijan"]
[BlackTeam "Norway"]
[WhiteFideId "13401319"]
[BlackFideId "1506102"]
[EventDate "2020.08.21"]
[EventType "team"]

1. c4 Nf6 2. d4 e6 3. Nc3 Bb4 4. Qc2 d5 5. cxd5 exd5 6. Bg5 h6 7. Bh4 Nc6 8. e3
g5 9. Bg3 h5 10. O-O-O Bxc3 11. Qxc3 h4 12. Be5 Ne4 13. Qe1 f6 14. f3 Nd6 15. e4
dxe4 16. Bxd6 Qxd6 17. Qxe4+ Kf7 18. Ne2 Ne7 19. d5 Bf5 20. Qd4 c5 21. dxc6
Qxc6+ 22. Nc3 Rhd8 23. Qc4+ Kg7 24. Qxc6 Rxd1+ 25. Kxd1 Nxc6 26. Be2 Nd4 27. Ke1
b5 28. Kf2 b4 29. Nd5 Rd8 30. Ne3 Be6 31. Rd1 Nc6 32. Rxd8 Nxd8 33. b3 f5 34. f4
gxf4 35. Nc2 a5 36. Kf3 Kf6 37. Kxf4 Bd5 38. Nd4 Bxg2 39. Nxf5 Ne6+ 40. Kg4 Be4
41. Nxh4 Bb1 42. Nf3 Bxa2 43. Nd2 Nc5 44. Bd1 Nxb3 45. Bxb3 Bxb3 46. Nxb3 a4 47.
Nc5 a3 48. Nb3 a2 49. h4 Kg6 50. h5+ Kh6 51. Kh4 Kg7 52. Kg5 Kh7 53. h6 Kg8 54.
Kg6 Kh8 55. Na1 b3 56. Nxb3 Kg8 57. Na1 Kh8 58. h7 1/2-1/2

[Event "Online Olym Top DivB 2020"]
[Site "chess.com INT"]
[Date "2020.08.23"]
[Round "8.3"]
[Board "1"]
[White "Erdos, Viktor"]
[Black "Anton Guijarro, David"]
[Result "1/2-1/2"]
[WhiteTitle "GM"]
[BlackTitle "GM"]
[WhiteElo "2618"]
[BlackElo "2688"]
[WhiteTeam "Hungary"]
[BlackTeam "Spain"]
[WhiteFideId "719978"]
[BlackFideId "2285525"]
[EventDate "2020.08.21"]
[EventType "team"]

1. Nf3 d5 2. d4 Nf6 3. c4 e6 4. Nc3 Bb4 5. Bg5 dxc4 6. e4 h6 7. Bxf6 Qxf6 8.
Bxc4 c5 9. e5 Qd8 10. O-O O-O 11. Qe2 cxd4 12. Rad1 Bxc3 13. bxc3 Bd7 14. Nxd4
Qc7 15. f4 Ba4 16. Rd2 Nc6 17. Bd3 Nxd4 18. cxd4 Rad8 19. Qe3 Bc6 20. f5 exf5
21. Bxf5 Bd5 22. Bb1 Qc4 23. Bc2 Rc8 24. Bf5 Rc6 25. h3 Rd8 26. Re1 Qc3 27. Qxc3
Rxc3 28. e6 fxe6 29. Bxe6+ Bxe6 30. Rxe6 Rd7 31. d5 Rc5 32. Re5 Kf7 33. Rf2+ Kg6
34. Rd2 Kf6 35. Re6+ Kf7 36. Re5 Kf6 37. Re6+ Kf7 38. Re5 Kf6 1/2-1/2

[Event "Online Olym Top DivB 2020"]
[Site "chess.com INT"]
[Date "2020.08.23"]
[Round "8.3"]
[Board "3"]
[White "Papp, Petra"]
[Black "Matnadze, Ana"]
[Result "1/2-1/2"]
[WhiteTitle "WGM"]
[BlackTitle "IM"]
[WhiteElo "2338"]
[BlackElo "2421"]
[WhiteTeam "Hungary"]
[BlackTeam "Spain"]
[WhiteFideId "739049"]
[BlackFideId "13601377"]
[EventDate "2020.08.21"]
[EventType "team"]

1. e4 c5 2. Nf3 d6 3. d4 cxd4 4. Nxd4 Nf6 5. Nc3 Nc6 6. Nd5 Bd7 7. Nxf6+ gxf6 8.
Be3 Rc8 9. Qd2 h5 10. O-O-O a6 11. Kb1 Qc7 12. Nf5 Be6 13. f4 Nb4 14. c4 Bxf5
15. exf5 Qa5 16. b3 Qxf5+ 17. Kb2 a5 18. a3 Nc6 19. Bd3 Qd7 20. c5 f5 21. Bc4
Rh6 22. Kb1 1/2-1/2

[Event "Online Olym Top DivB 2020"]
[Site "chess.com INT"]
[Date "2020.08.23"]
[Round "8.3"]
[Board "5"]
[White "Kozak, Adam"]
[Black "Henderson de La Fuente, Lance"]
[Result "1/2-1/2"]
[WhiteTitle "GM"]
[BlackTitle "GM"]
[WhiteElo "2503"]
[BlackElo "2491"]
[WhiteTeam "Hungary"]
[BlackTeam "Spain"]
[WhiteFideId "753246"]
[BlackFideId "32096585"]
[EventDate "2020.08.21"]
[EventType "team"]

1. Nf3 Nf6 2. c4 b6 3. g3 Bb7 4. Bg2 g6 5. O-O Bg7 6. d4 O-O 7. d5 Ne4 8. Qc2 f5
9. Ng5 Nd6 10. Nc3 Na6 11. e4 Nb4 12. Qe2 h6 13. Nf3 Ba6 14. Nd2 Nc2 15. Rb1 Nd4
16. Qd3 e5 17. dxe6 dxe6 18. exf5 Rxf5 19. Ne2 Nxc4 20. Nxd4 Bxd4 1/2-1/2